[Event "Sommerschach 2022 Vereinsspieler"]
[Site "Dortmund"]
[Date "2022.07.05"]
[Round "2.12"]
[White "Atali, Dogukan"]
[Black "Zhang, Jingfu"]
[Result "1-0"]
[WhiteElo "1811"]
[BlackElo "1640"]
[PlyCount "61"]
[EventDate "2022.07.??"]
[EventType "tourn"]
[EventRounds "7"]
[WhiteTeam "SV Waltrop"]
[BlackTeam "SC Hansa Dortmund"]

1. e4 e6 2. d4 d5 3. Nc3 Bb4 4. Nge2 dxe4 5. a3 Bxc3+ 6. Nxc3 Nf6 7. Bg5 h6 8.
Bxf6 Qxf6 9. Nxe4 Qe7 10. Bd3 Nd7 11. Qf3 Nf6 12. O-O-O Nxe4 13. Bxe4 O-O 14.
Bxb7 Bxb7 15. Qxb7 Rfb8 16. Qf3 Qg5+ 17. Rd2 Qb5 18. Qc3 Rb6 19. b3 Rab8 20.
Kb2 Rc6 21. Qd3 Qd5 22. f3 e5 23. dxe5 Qxe5+ 24. Qd4 Qa5 25. Rhd1 Ra6 26. a4
Rb4 27. Qd7 Qe5+ 28. c3 Raxa4 29. f4 Qa5 30. cxb4 Qxb4 31. Qxa4 1-0

[Event "Sommerschach 2022 Vereinsspieler"]
[Site "Dortmund"]
[Date "2022.07.05"]
[Round "2.13"]
[White "Brügmann, Cedric"]
[Black "Lin, Yi"]
[Result "0-1"]
[WhiteElo "1626"]
[BlackElo "1872"]
[PlyCount "79"]
[EventDate "2022.07.??"]
[EventType "tourn"]
[EventRounds "7"]
[WhiteTeam "SG Bochum"]
[BlackTeam "SC Hansa Dortmund"]

1. e4 d6 2. d4 Nf6 3. Nc3 Nbd7 4. Nf3 e5 5. dxe5 dxe5 6. Bg5 Be7 7. Bc4 O-O 8.
O-O c6 9. Re1 b5 10. Bd3 Qc7 11. a3 Nc5 12. Bf1 Bg4 13. b4 Ne6 14. Be3 Rad8 15.
Bd3 Nd4 16. Bxd4 exd4 17. Na2 Qf4 18. Qd2 Qxd2 19. Nxd2 Be6 20. Nf3 Bg4 21. Ne5
Rc8 22. f3 Be6 23. f4 Bd6 24. Nc1 Bxe5 25. fxe5 Ng4 26. Ne2 Rfd8 27. Nf4 Nxe5
28. Nxe6 fxe6 29. a4 a6 30. axb5 axb5 31. Ra6 Ra8 32. Rea1 Rxa6 33. Rxa6 Kf7
34. h3 Kf6 35. Kf2 Rd7 36. Kg3 g5 37. Ra8 h5 38. Rh8 h4+ 39. Kf2 Rf7 40. Rd8
0-1

[Event "Sommerschach 2022 Vereinsspieler"]
[Site "Dortmund"]
[Date "2022.07.05"]
[Round "2.14"]
[White "Kantor, Nikita"]
[Black "Bilenko, Yaroslav"]
[Result "1/2-1/2"]
[WhiteElo "1870"]
[BlackElo "1568"]
[PlyCount "73"]
[EventDate "2022.07.??"]
[EventType "tourn"]
[EventRounds "7"]
[WhiteTeam "SC Wambel"]

1. e4 c5 2. Nc3 Nc6 3. Bb5 Nd4 4. Nf3 g6 5. Nxd4 cxd4 6. Ne2 Bg7 7. O-O a6 8.
Ba4 b5 9. Bb3 Bb7 10. d3 d5 11. Ng3 e6 12. f4 dxe4 13. dxe4 Qb6 14. Kh1 Nf6 15.
Qd3 Nd7 16. f5 Nc5 17. Qe2 Nxb3 18. axb3 e5 19. Bg5 O-O 20. f6 Bh8 21. Qg4 Bc8
22. Nf5 Bxf5 23. Rxf5 Rfe8 24. Rf3 Qe6 25. Qh4 h5 26. Raf1 Qg4 27. Qxg4 hxg4
28. Rg3 Rac8 29. c3 dxc3 30. bxc3 Re6 31. Rd3 Rec6 32. Rd5 Rxc3 33. Rxe5 R3c5
34. Rxc5 Rxc5 35. Be3 Rc3 36. Bg5 Rc5 37. Be3 1/2-1/2

[Event "Sommerschach 2022 Vereinsspieler"]
[Site "Dortmund"]
[Date "2022.07.05"]
[Round "2.15"]
[White "Kendziorra, Sascha"]
[Black "Krause, Dieter"]
[Result "0-1"]
[WhiteElo "1379"]
[BlackElo "2030"]
[PlyCount "56"]
[EventDate "2022.07.??"]
[EventType "tourn"]
[EventRounds "7"]
[BlackTeam "SV Rochade Eving"]

1. e4 c5 2. Nf3 g6 3. c3 Bg7 4. d4 cxd4 5. cxd4 d6 6. Bc4 Nf6 7. O-O O-O 8. Nc3
Nc6 9. Re1 a6 10. h3 b5 11. Bd3 Bb7 12. e5 dxe5 13. dxe5 Nd5 14. Nxd5 Qxd5 15.
Qe2 e6 16. Be4 Qd7 17. Bf4 Rad8 18. Red1 Qc7 19. Rac1 Rxd1+ 20. Qxd1 Qd8 21.
Qe2 Na5 22. Qc2 Bxe4 23. Qxe4 Qb8 24. Qc2 h6 25. Qc7 Nc4 26. Qxb8 Rxb8 27. b3
Nb6 28. Rc7 Nd5 0-1

[Event "Sommerschach 2022 Vereinsspieler"]
[Site "Dortmund"]
[Date "2022.07.05"]
[Round "2.16"]
[White "Jochmann, Christian"]
[Black "Orlowski, Wilfried"]
[Result "1-0"]
[WhiteElo "1995"]
[BlackElo "1544"]
[PlyCount "53"]
[EventDate "2022.07.??"]
[EventType "tourn"]
[EventRounds "7"]
[WhiteTeam "SC Doppelbauer Brambauer"]

1. d4 Nf6 2. c4 e6 3. Nf3 c5 4. Nc3 Be7 5. d5 exd5 6. cxd5 d6 7. e4 a6 8. a4
O-O 9. Be2 h6 10. O-O Nbd7 11. Ne1 Re8 12. f4 Nf8 13. Nd3 Rb8 14. a5 b5 15.
axb6 Rxb6 16. Be3 Qc7 17. Kh1 Bd7 18. b4 Reb8 19. bxc5 dxc5 20. e5 Ne8 21. d6
Nxd6 22. Nd5 Qd8 23. Nxe7+ Qxe7 24. Bxc5 Qe6 25. Bxb6 Nf5 26. Bf2 Ng6 27. Nc5
1-0

[Event "Sommerschach 2022 Vereinsspieler"]
[Site "Dortmund"]
[Date "2022.07.05"]
[Round "2.17"]
[White "Nguyen, Dang Khoa"]
[Black "Grube, Jörg"]
[Result "0-1"]
[WhiteElo "1222"]
[BlackElo "1815"]
[PlyCount "74"]
[EventDate "2022.07.??"]
[EventType "tourn"]
[EventRounds "7"]
[WhiteTeam "SF Brackel"]
[BlackTeam "FS Dortmund"]

1. e4 e5 2. f4 Bc5 3. Nf3 d6 4. Nc3 Nf6 5. Bc4 Nc6 6. h3 O-O 7. d3 a5 8. a3 Re8
9. f5 Bxf5 10. Bg5 Be6 11. Nd5 Bxd5 12. Bxd5 Ne7 13. Bxf6 gxf6 14. Ba2 d5 15.
Qe2 Qd6 16. Nh2 Kh8 17. Rf1 f5 18. Rd1 Rad8 19. Nf3 Qh6 20. Nxe5 Qg7 21. d4
Bxd4 22. Nxf7+ Qxf7 23. Rxd4 c5 24. Rd3 Qg7 25. e5 Nc6 26. Kd1 c4 27. Rd2 Rxe5
28. Qh5 Qg6 29. Qh4 Rde8 30. b3 b5 31. bxc4 bxc4 32. Kc1 Qg7 33. c3 Re3 34. Bb1
Qxc3+ 35. Bc2 Qxa3+ 36. Kd1 Qa1+ 37. Bb1 Qxb1# 0-1

[Event "Sommerschach 2022 Vereinsspieler"]
[Site "Dortmund"]
[Date "2022.07.05"]
[Round "2.18"]
[White "Webner, Dennis"]
[Black "Klemm, Joachim"]
[Result "0-1"]
[WhiteElo "2136"]
[BlackElo "1643"]
[PlyCount "72"]
[EventDate "2022.07.??"]
[EventType "tourn"]
[EventRounds "7"]
[WhiteTeam "TuS Varrel"]
[BlackTeam "SU Huckarde-Westerfilde"]

1. d4 d5 2. Bf4 Nf6 3. e3 e6 4. Nd2 Bd6 5. Bg3 O-O 6. Bd3 b6 7. Ngf3 Ba6 8. c4
c5 9. Ne5 cxd4 10. exd4 dxc4 11. Ndxc4 Bb4+ 12. Kf1 Qd5 13. Bh4 Nbd7 14. Kg1
Kh8 15. a3 Be7 16. Ne3 Qxd4 17. Nxd7 Bxd3 18. Nxf8 Qxh4 19. Qxd3 Rd8 20. Qc4
Qxc4 21. Nxc4 Bxf8 22. g3 b5 23. Ne3 Rd2 24. Rd1 Rxb2 25. Rd8 Kg8 26. Kg2 Ne4
27. Kf3 f5 28. Nd1 Rb3+ 29. Kf4 Kf7 30. Ke5 g5 31. Rd7+ Be7 32. Rxa7 Rxa3 33.
Rb7 Rd3 34. Ne3 Nxf2 35. Re1 Ng4+ 36. Nxg4 Rd5# 0-1

[Event "Sommerschach 2022 Vereinsspieler"]
[Site "Dortmund"]
[Date "2022.07.05"]
[Round "2.19"]
[White "Wieschermann, Axel"]
[Black "Bungarten, Jona"]
[Result "1/2-1/2"]
[WhiteElo "1630"]
[BlackElo "1843"]
[PlyCount "89"]
[EventDate "2022.07.??"]
[EventType "tourn"]
[EventRounds "7"]
[WhiteTeam "SG Winz-Baak"]
[BlackTeam "SF Brackel"]

1. d4 d5 2. c4 e6 3. cxd5 exd5 4. Nc3 Nf6 5. Bg5 Be7 6. e3 O-O 7. Bd3 b6 8.
Nge2 Bb7 9. Rc1 Nbd7 10. O-O c5 11. b3 Rc8 12. Nb1 h6 13. Bh4 Ne4 14. Bxe7 Qxe7
15. Nd2 Ndf6 16. Nxe4 Nxe4 17. Bxe4 Qxe4 18. Qc2 Ba6 19. dxc5 Qxc2 20. Rxc2
bxc5 21. Rfc1 Rfd8 22. Nf4 g5 23. Nh5 d4 24. exd4 cxd4 25. Rxc8 Rxc8 26. Rxc8+
Bxc8 27. Kf1 Kf8 28. Ng3 Ke7 29. Ne2 d3 30. Nc3 Kd6 31. Ke1 Kc5 32. Kd2 Bf5 33.
a3 a6 34. Nd1 Kd4 35. Nb2 h5 36. f3 h4 37. g3 Bg6 38. b4 f6 39. a4 hxg3 40.
hxg3 Be8 41. Nxd3 Bxa4 42. Nc5 Bb5 43. Ne4 Bc6 44. Nxf6 Bxf3 45. Nh7 1/2-1/2

[Event "Sommerschach 2022 Vereinsspieler"]
[Site "Dortmund"]
[Date "2022.07.05"]
[Round "2.20"]
[White "Poggemann, Alexander"]
[Black "Allen, Phillipp"]
[Result "1/2-1/2"]
[WhiteElo "1829"]
[BlackElo "1618"]
[PlyCount "43"]
[EventDate "2022.07.??"]
[EventType "tourn"]
[EventRounds "7"]
[WhiteTeam "SV Hemer"]
[BlackTeam "SV Erkenschwick"]

1. e4 c6 2. d4 d5 3. Nc3 dxe4 4. Nxe4 Nd7 5. Nf3 Ngf6 6. Nxf6+ Nxf6 7. c3 Bf5
8. Ne5 e6 9. g4 Qd5 10. f3 Bg6 11. h4 Bd6 12. Bc4 Qa5 13. Bf4 Bxe5 14. Bxe5 h6
15. Qb3 b5 16. Bxe6 O-O 17. Bf5 Bxf5 18. gxf5 Nd5 19. Kf2 Qb6 20. Rae1 Kh8 21.
Qc2 f6 22. Bd6 1/2-1/2

[Event "Sommerschach 2022 Vereinsspieler"]
[Site "Dortmund"]
[Date "2022.07.05"]
[Round "2.21"]
[White "Strotmann, Dieter"]
[Black "Steinke, Hans-Jörg"]
[Result "1/2-1/2"]
[WhiteElo "1168"]
[BlackElo "1721"]
[PlyCount "62"]
[EventDate "2022.07.??"]
[EventType "tourn"]
[EventRounds "7"]
[WhiteTeam "SVG Marten-Bövinghausen"]
[BlackTeam "SV Erkenschwick"]

1. Nf3 d5 2. d4 Nf6 3. Bf4 Nbd7 4. e3 g6 5. Bd3 Bg7 6. h3 O-O 7. O-O c5 8. c3
c4 9. Bc2 b5 10. a4 bxa4 11. Bxa4 Bb7 12. Nbd2 Nb6 13. Bc2 Nh5 14. Bh2 f5 15.
Be5 Nd7 16. Bxg7 Nxg7 17. Nh2 e5 18. f4 e4 19. Qe1 Nh5 20. Bd1 Nhf6 21. g4 Kh8
22. g5 Ne8 23. Kh1 Nd6 24. h4 Kg7 25. Rg1 Rh8 26. h5 Qb6 27. Rb1 Rac8 28. Be2
a5 29. Qd1 Qc6 30. Ra1 Ra8 31. h6+ Kf7 1/2-1/2

[Event "Sommerschach 2022 Vereinsspieler"]
[Site "Dortmund"]
[Date "2022.07.05"]
[Round "2.22"]
[White "Burban, Victor"]
[Black "Payes, Marco"]
[Result "0-1"]
[WhiteElo "1303"]
[BlackElo "1630"]
[PlyCount "50"]
[EventDate "2022.07.??"]
[EventType "tourn"]
[EventRounds "7"]
[WhiteTeam "SchachAkademiePaderborn"]
[BlackTeam "SK Holsterhausen"]

1. e4 d6 2. d4 Nd7 3. Nf3 Ngf6 4. Nc3 e5 5. Bc4 h6 6. O-O Be7 7. b3 c6 8. Bb2
b5 9. Bd3 a5 10. Ne2 Qc7 11. c4 bxc4 12. Bxc4 Nxe4 13. Qc2 Ng5 14. Nxg5 hxg5
15. Bb5 exd4 16. Bxc6 d5 17. Bxd7+ Qxd7 18. Nxd4 Bd6 19. Rfe1+ Kf8 20. h3 g4
21. hxg4 Qxg4 22. Nf3 Qh5 23. Kf1 Ba6+ 24. Re2 Qh1+ 25. Ng1 Rh2 0-1

[Event "Sommerschach 2022 Vereinsspieler"]
[Site "Dortmund"]
[Date "2022.07.05"]
[Round "2.23"]
[White "Rauschenbusch, Udo"]
[Black "Scholtyßek, Normann"]
[Result "0-1"]
[WhiteElo "1672"]
[BlackElo "1540"]
[PlyCount "94"]
[EventDate "2022.07.??"]
[EventType "tourn"]
[EventRounds "7"]
[WhiteTeam "FS Dortmund"]

1. d4 Nf6 2. Nf3 d5 3. g3 e6 4. Bg2 c5 5. c4 Nc6 6. cxd5 Nxd5 7. O-O Be7 8. Nc3
cxd4 9. Nxd5 exd5 10. Nxd4 O-O 11. Bf4 Bf6 12. Nb5 Be6 13. Nc7 Rc8 14. Nxd5
Bxb2 15. Rb1 Bxd5 16. Bxd5 Qf6 17. Qb3 Be5 18. Bxe5 Qxe5 19. e4 Nd4 20. Qe3 Rc3
21. f4 Qxd5 22. exd5 Rxe3 23. Rxb7 Rd3 24. Rfb1 Rd2 25. Rxa7 Nf3+ 26. Kf1 Nxh2+
27. Ke1 Nf3+ 28. Kf1 Re8 29. Rab7 Rxa2 30. Rb8 Ra8 31. Rxa8 Rxa8 32. Kf2 Nd2
33. Rb4 Re8 34. Rd4 Ne4+ 35. Kf3 Nd6 36. Rb4 f6 37. Rb6 Rd8 38. g4 Rd7 39. Rc6
Kf7 40. Ke3 f5 41. g5 Ke7 42. Kd4 g6 43. Ke5 Ne4 44. d6+ Rxd6 45. Rc7+ Rd7 46.
Rc6 Kf7 47. Re6 Re7 0-1

[Event "Sommerschach 2022 Vereinsspieler"]
[Site "Dortmund"]
[Date "2022.07.05"]
[Round "2.24"]
[White "Zelt, Jens"]
[Black "Cassel, Silas"]
[Result "1-0"]
[WhiteElo "2073"]
[BlackElo "1172"]
[PlyCount "104"]
[EventDate "2022.07.??"]
[EventType "tourn"]
[EventRounds "7"]
[WhiteTeam "SC Hansa Dortmund"]
[BlackTeam "SF Brackel"]

1. d4 d5 2. Nf3 Nf6 3. Bf4 e6 4. e3 c5 5. c3 Bd6 6. Bg3 Qc7 7. Nbd2 Nbd7 8. Be2
O-O 9. Bxd6 Qxd6 10. O-O b6 11. Qc2 Bb7 12. Rad1 cxd4 13. exd4 Rfc8 14. Bd3 Nb8
15. Rfe1 Ba6 16. Bxa6 Nxa6 17. Qd3 Nb8 18. Ne5 Nbd7 19. Qf3 Qc7 20. Nd3 Nf8 21.
g3 Qc6 22. a3 Qb5 23. Re3 Ng6 24. h3 Qd7 25. Kg2 h6 26. Qe2 Ne8 27. Kh2 Ne7 28.
Ne5 Qc7 29. Kg1 Nc6 30. g4 Nd6 31. Rf3 Nxe5 32. Qxe5 Nc4 33. Qe2 Nxb2 34. Ra1
Nc4 35. Nf1 Qe7 36. a4 Rc7 37. Ng3 Rac8 38. Qe1 Nd6 39. Kg2 Rc4 40. a5 bxa5 41.
Rxa5 Qc7 42. Qa1 Ra8 43. Qa3 Nc8 44. Qa1 Rb8 45. Ra3 Rb6 46. Qe1 Rbc6 47. Qa1
Kf8 48. Nh5 Qd6 49. Nf4 Kg8 50. Nd3 Rxc3 51. Rxc3 Rxc3 52. Qxc3 Nb6 1-0

[Event "Sommerschach 2022 Vereinsspieler"]
[Site "Dortmund"]
[Date "2022.07.05"]
[Round "2.25"]
[White "Buyken, Florian"]
[Black "Stork, Bernhard"]
[Result "1-0"]
[WhiteElo "1894"]
[BlackElo "1451"]
[PlyCount "41"]
[EventDate "2022.07.??"]
[EventType "tourn"]
[EventRounds "7"]
[WhiteTeam "PSV Duisburg"]
[BlackTeam "Dortmunder SV"]

1. Nf3 Nf6 2. g3 d6 3. Bg2 Nbd7 4. d4 e5 5. c4 c6 6. O-O h6 7. Nc3 Be7 8. Qc2
exd4 9. Nxd4 Ne5 10. b3 Qb6 11. Rd1 g6 12. Bb2 h5 13. Nf3 Bf5 14. Qd2 Nfg4 15.
e4 Bc8 16. c5 Qxc5 17. Na4 Qb5 18. h3 Nxf3+ 19. Bxf3 Ne5 20. Be2 Qa6 21. Bxe5
1-0

[Event "Sommerschach 2022 Vereinsspieler"]
[Site "Dortmund"]
[Date "2022.07.05"]
[Round "2.26"]
[White "Grimme, Rudolf"]
[Black "Koch, Burkhard"]
[Result "0-1"]
[WhiteElo "1382"]
[BlackElo "1762"]
[PlyCount "74"]
[EventDate "2022.07.??"]
[EventType "tourn"]
[EventRounds "7"]
[WhiteTeam "SVG Marten-Bövinghausen"]
[BlackTeam "SG Wanne"]

1. e4 e6 2. e5 d5 3. d4 c5 4. c3 Nc6 5. Nf3 Bd7 6. Bb5 Nxe5 7. Bxd7+ Nxd7 8.
Be3 Ngf6 9. O-O Be7 10. Qc2 O-O 11. h3 Ne4 12. Nbd2 Nxd2 13. Qxd2 cxd4 14. Bxd4
Bf6 15. Rfe1 b6 16. Re2 Bxd4 17. Qxd4 Rc8 18. Nd2 Qf6 19. Qe3 Rfe8 20. f4 Re7
21. Rf1 Rce8 22. g4 h6 23. g5 hxg5 24. fxg5 Qg6 25. Kh2 e5 26. Qg3 e4 27. Qe3
Ne5 28. Qg3 Qh5 29. Ree1 Nd3 30. Re3 Nxb2 31. Rf4 Qd1 32. Nb3 Nd3 33. Rf5 Qc2+
34. Qg2 Qxg2+ 35. Kxg2 Re5 36. Nd4 Rxf5 37. Nxf5 Re5 0-1

[Event "Sommerschach 2022 Vereinsspieler"]
[Site "Dortmund"]
[Date "2022.07.05"]
[Round "2.27"]
[White "Haufe, Ulrich"]
[Black "Lebioda-Dette, Kordula"]
[Result "0-1"]
[WhiteElo "1331"]
[BlackElo "1693"]
[PlyCount "104"]
[EventDate "2022.07.??"]
[EventType "tourn"]
[EventRounds "7"]
[WhiteTeam "SU Huckarde-Westerfilde"]
[BlackTeam "SF Essen-Werden"]

1. e4 e5 2. d3 Nc6 3. c3 Nf6 4. f4 exf4 5. Bxf4 d6 6. Nf3 Be7 7. Nbd2 O-O 8.
Qe2 h6 9. h3 Nh7 10. g4 Bg5 11. Bxg5 Nxg5 12. Qg2 Nxf3+ 13. Nxf3 Ne5 14. Be2
Nxf3+ 15. Qxf3 c6 16. O-O-O Be6 17. b3 Qa5 18. Kb2 b5 19. Rd2 b4 20. c4 d5 21.
Rc2 Qb6 22. h4 Qd4+ 23. Kb1 a5 24. Rf1 a4 25. Qf2 Qxf2 26. Rxf2 axb3 27. axb3
dxe4 28. dxe4 Ra3 29. Rb2 Rfa8 30. Kc2 Ra1 31. Bd1 g6 32. g5 Kg7 33. gxh6+ Kxh6
34. Kd2 Rd8+ 35. Ke3 Raxd1 36. Kf4 Rh1 37. Rh2 Rxh2 38. Rxh2 Rd3 39. Rb2 c5 40.
Ke5 Kh5 41. Kf4 Bg4 42. Rg2 f5 43. e5 Rd4+ 44. Kg3 Re4 45. Rd2 Rxe5 46. Rd8
Re3+ 47. Kf2 Rf3+ 48. Kg2 Kxh4 49. Rd5 Rxb3 50. Rxc5 Rc3 51. Rc6 Bf3+ 52. Kf2
Bxc6 0-1

[Event "Sommerschach 2022 Vereinsspieler"]
[Site "Dortmund"]
[Date "2022.07.05"]
[Round "2.28"]
[White "Jähnicke, Karl-Heinz"]
[Black "Zabel, Reinhard"]
[Result "1-0"]
[WhiteElo "1823"]
[BlackElo "1435"]
[PlyCount "105"]
[EventDate "2022.07.??"]
[EventType "tourn"]
[EventRounds "7"]
[WhiteTeam "SV Rochade Eving"]
[BlackTeam "SC Doppelbauer Brambauer"]

1. d4 d5 2. c4 e6 3. Nc3 Nf6 4. e3 c5 5. Nf3 Nc6 6. cxd5 Nxd5 7. Bc4 Nxc3 8.
bxc3 cxd4 9. exd4 Be7 10. O-O O-O 11. Re1 Bf6 12. Qe2 Bd7 13. Bd2 Re8 14. Rad1
Na5 15. Bd3 Rc8 16. Qe4 g6 17. Ne5 Nc6 18. Ng4 Bg5 19. Qf3 Kg7 20. Bf4 h5 21.
Ne5 Bxf4 22. Qxf4 Nxe5 23. dxe5 Qe7 24. Bb1 Red8 25. Rd3 Bb5 26. Rh3 Rh8 27.
Rg3 Rc4 28. Qc1 Rhc8 29. h3 Be8 30. Ree3 Rd8 31. Bc2 Qc7 32. Bb3 Rc5 33. f4 Bb5
34. Qc2 Qd7 35. Kh2 Qd2 36. Qb1 Bc4 37. Bxc4 Rxc4 38. f5 exf5 39. Qxf5 Rc6 40.
e6 Rf8 41. Qe5+ Kg8 42. exf7+ Rxf7 43. Rd3 Qh6 44. Rd8+ Rf8 45. Qd5+ Kh8 46.
Qe5+ Kg8 47. Rgd3 Qg7 48. Qd5+ Kh8 49. Rd7 Qg8 50. Qe5+ Rcf6 51. Rxb7 Qxa2 52.
Qg5 Qg8 53. Qh6+ 1-0

[Event "Sommerschach 2022 Vereinsspieler"]
[Site "Dortmund"]
[Date "2022.07.05"]
[Round "2.29"]
[White "Schacht, Jürgen"]
[Black "Schulz, Robin"]
[Result "1-0"]
[WhiteElo "1548"]
[BlackElo "1496"]
[PlyCount "61"]
[EventDate "2022.07.??"]
[EventType "tourn"]
[EventRounds "7"]
[WhiteTeam "SV Rochade Eving"]
[BlackTeam "SC Gerthe - Werne"]

1. d4 d6 2. e4 Nf6 3. Bd3 e5 4. d5 Be7 5. Ne2 Nbd7 6. Be3 a6 7. a4 Nc5 8. Bxc5
dxc5 9. f3 O-O 10. O-O Bd7 11. c4 c6 12. Nbc3 cxd5 13. exd5 Bd6 14. Ng3 Ne8 15.
Bf5 Nc7 16. Nce4 Qe7 17. Nxd6 Qxd6 18. Ne4 Qb6 19. Bxd7 Rad8 20. Bh3 f5 21. Ng3
g6 22. Qe2 Rde8 23. Qd2 Qd6 24. Rab1 b5 25. axb5 axb5 26. b3 b4 27. Qg5 Qd7 28.
Ra1 Re7 29. Ne4 Ne8 30. Nxc5 Qd6 31. Ne6 1-0

[Event "Sommerschach 2022 Vereinsspieler"]
[Site "Dortmund"]
[Date "2022.07.05"]
[Round "2.30"]
[White "Mokros, Jürgen"]
[Black "Seewald, Robin"]
[Result "0-1"]
[WhiteElo "1611"]
[BlackElo "1335"]
[PlyCount "80"]
[EventDate "2022.07.??"]
[EventType "tourn"]
[EventRounds "7"]
[WhiteTeam "FS Dortmund"]
[BlackTeam "SC Marsberg"]

1. Nf3 d5 2. b3 Nf6 3. Bb2 e6 4. e3 Nbd7 5. d4 b6 6. Nbd2 c5 7. Bd3 Bd6 8. O-O
Qc7 9. c4 Bb7 10. Rc1 O-O 11. cxd5 exd5 12. dxc5 bxc5 13. h3 Rac8 14. Nd4 Qb6
15. Nf5 Rfe8 16. Nc4 dxc4 17. Nxd6 cxd3 18. Nxc8 Rxc8 19. Qxd3 Ba6 20. Qf5 Bxf1
21. Bxf6 Qb7 22. Rxf1 Nxf6 23. Rd1 h6 24. f3 Qc6 25. e4 c4 26. bxc4 Qxc4 27.
Qa5 Qc5+ 28. Qxc5 Rxc5 29. Rd8+ Kh7 30. Rd2 Ne8 31. Kf2 Nc7 32. Ke3 Nb5 33. Kf4
f6 34. Rd5 Rxd5 35. exd5 Kg6 36. Ke4 Nc3+ 37. Kd4 Nxa2 38. Kc4 Kf7 39. Kc5 Ke7
40. Kb5 Kd6 0-1

[Event "Sommerschach 2022 Vereinsspieler"]
[Site "Dortmund"]
[Date "2022.07.05"]
[Round "2.31"]
[White "Bensch, Christian"]
[Black "Mücke, Lukas Benedikt"]
[Result "1-0"]
[WhiteElo "1323"]
[BlackElo "1463"]
[PlyCount "171"]
[EventDate "2022.07.??"]
[EventType "tourn"]
[EventRounds "7"]
[WhiteTeam "SC Wambel"]
[BlackTeam "SV Waltrop"]

1. e4 c5 2. c3 d5 3. exd5 Qxd5 4. Nf3 e5 5. Na3 Bd7 6. Bc4 Qe4+ 7. Qe2 Qxe2+ 8.
Kxe2 f6 9. d3 a6 10. Nc2 Nc6 11. a3 Nge7 12. Re1 O-O-O 13. Be3 Nf5 14. b4 Nxe3
15. Nxe3 Kb8 16. Nd2 cxb4 17. axb4 Na7 18. Ne4 Bc6 19. Ra2 Be7 20. Rea1 Rc8 21.
Be6 Rc7 22. c4 Bxb4 23. Nd5 Bxd5 24. Bxd5 Rd8 25. Rb1 a5 26. Nd2 Nb5 27. cxb5
Rxd5 28. b6 Rc6 29. Nc4 e4 30. dxe4 Rd4 31. Nxa5 Rxb6 32. Nb3 Rxe4+ 33. Kf3 Rc4
34. Nd2 Rc3+ 35. Ke2 Re6+ 36. Kf1 Ba3 37. Nf3 Rec6 38. Nd4 Rc1+ 39. Rxc1 Rxc1+
40. Ke2 Rc4 41. Kd3 Rc1 42. Rxa3 Rh1 43. h3 Rh2 44. Nb5 Rxg2 45. Ke2 Rg5 46.
Rb3 b6 47. f4 Rg2+ 48. Kf3 Rh2 49. Ke4 Kb7 50. Nd6+ Kc6 51. Nc8 b5 52. Na7+ Kd7
53. Nxb5 Ke7 54. Nd4 Kf8 55. Rb8+ Kf7 56. Rb7+ Kg6 57. f5+ Kh6 58. Rb3 g6 59.
Kf4 Kh5 60. Rb7 Kh6 61. Kg3 Rd2 62. Ne6 Rd3+ 63. Kg4 gxf5+ 64. Kxf5 Rf3+ 65.
Kg4 Rc3 66. Nf8 Rc4+ 67. Kf5 Rc5+ 68. Kxf6 Rc6+ 69. Ke5 Kg5 70. Rxh7 Rc1 71.
Ne6+ Kg6 72. Rg7+ Kh6 73. Rg4 Re1+ 74. Kf6 Rf1+ 75. Rf4 Rxf4+ 76. Nxf4 Kh7 77.
Kg5 Kg7 78. h4 Kh7 79. h5 Kg7 80. Ne6+ Kh7 81. h6 Kg8 82. Kg6 Kh8 83. Kh5 Kg8
84. Ng5 Kh8 85. Kg6 Kg8 86. h7+ 1-0

[Event "Sommerschach 2022 Vereinsspieler"]
[Site "Dortmund"]
[Date "2022.07.05"]
[Round "2.32"]
[White "Sieberg, Rolf"]
[Black "Foltin, Alica"]
[Result "0-1"]
[WhiteElo "1891"]
[BlackElo "1456"]
[PlyCount "80"]
[EventDate "2022.07.??"]
[EventType "tourn"]
[EventRounds "7"]
[WhiteTeam "Sport Union Annen"]
[BlackTeam "SV Waltrop"]

1. e4 c5 2. c3 Qa5 3. Nf3 Nc6 4. d4 cxd4 5. Nxd4 Nf6 6. f3 e5 7. Nxc6 bxc6 8.
Bc4 d5 9. exd5 cxd5 10. Bb3 Ba6 11. Nd2 Rc8 12. Ba4+ Bb5 13. Bxb5+ Qxb5 14. Nb3
Bd6 15. Be3 a6 16. a4 Qb7 17. O-O O-O 18. Rf2 Rb8 19. Nc5 Qc6 20. Nd3 Nd7 21.
a5 f5 22. Re2 f4 23. Bf2 e4 24. fxe4 dxe4 25. Ne1 e3 26. Bh4 h6 27. Nf3 Ne5 28.
Nxe5 Bxe5 29. Qd3 g5 30. Be1 Rbd8 31. Qc2 Qe6 32. Rc1 Bc7 33. b4 g4 34. Bh4 Rd6
35. c4 f3 36. c5 Rd7 37. Qa2 Qxa2 38. Rxa2 e2 39. Rac2 Rd1+ 40. Be1 f2+ 0-1

[Event "Sommerschach 2022 Vereinsspieler"]
[Site "Dortmund"]
[Date "2022.07.05"]
[Round "2.33"]
[White "Nathe, Nico"]
[Black "Arnoldi, Ekkehard"]
[Result "1-0"]
[WhiteElo "1563"]
[BlackElo "1576"]
[PlyCount "63"]
[EventDate "2022.07.??"]
[EventType "tourn"]
[EventRounds "7"]
[WhiteTeam "SV Rochade Eving"]
[BlackTeam "SVG Plettenberg"]

1. d4 Nf6 2. c4 g6 3. Nc3 Bg7 4. Nf3 O-O 5. e3 d6 6. b3 c6 7. Bb2 Qa5 8. Bd3
Bg4 9. h3 Qh5 10. Be2 Bf5 11. Ne5 Qh6 12. Ng4 Nxg4 13. Bxg4 Bxg4 14. Qxg4 f5
15. Qe2 e5 16. d5 e4 17. O-O-O a5 18. dxc6 Nxc6 19. Rxd6 Nb4 20. Kb1 Nd3 21.
Ba1 Be5 22. Rd7 Rf7 23. Rd5 Qg7 24. Qd2 Nb4 25. Rb5 Rd7 26. Qc1 Rad8 27. Rxe5
Qxe5 28. Nd5 Qe6 29. Rd1 Nxd5 30. Rxd5 Qa6 31. Qc3 Rxd5 32. Qg7# 1-0

[Event "Sommerschach 2022 Vereinsspieler"]
[Site "Dortmund"]
[Date "2022.07.05"]
[Round "2.34"]
[White "Sutharjan, Dakxwin"]
[Black "Volmer, Martin"]
[Result "1-0"]
[WhiteElo "1309"]
[BlackElo "1560"]
[PlyCount "65"]
[EventDate "2022.07.??"]
[EventType "tourn"]
[EventRounds "7"]
[WhiteTeam "SF Brackel"]
[BlackTeam "SG Mengede"]

1. e4 c5 2. d4 cxd4 3. c3 dxc3 4. Nxc3 Nc6 5. Nf3 e6 6. Bc4 d6 7. O-O Be7 8.
Be3 Nf6 9. Bb5 O-O 10. Qd2 Bd7 11. Rfd1 a6 12. Ba4 b5 13. Bc2 Na5 14. b3 b4 15.
Ne2 d5 16. exd5 Nxd5 17. Be4 Bc6 18. Qc2 f5 19. Bxd5 Bxd5 20. Nf4 Rc8 21. Qe2
Bxf3 22. Qxf3 Qe8 23. Nxe6 Rf6 24. Qd5 Qc6 25. Rac1 Qxe6 26. Rxc8+ Kf7 27. Rc7
Qxd5 28. Rxd5 Nc6 29. Rc5 Nd8 30. Bg5 Ne6 31. Rxe7+ Kxe7 32. Bxf6+ Kxf6 33. Rc6
1-0

[Event "Sommerschach 2022 Vereinsspieler"]
[Site "Dortmund"]
[Date "2022.07.05"]
[Round "2.35"]
[White "Shelukie, Magd"]
[Black "Möhrke, Marian Erik"]
[Result "1-0"]
[WhiteElo "1637"]
[BlackElo "1292"]
[PlyCount "75"]
[EventDate "2022.07.??"]
[EventType "tourn"]
[EventRounds "7"]
[WhiteTeam "Bergische SF"]
[BlackTeam "Sport Union Annen"]

1. Nf3 d5 2. g3 Nf6 3. d3 g6 4. Bg2 Bg7 5. O-O O-O 6. Nc3 c5 7. Rb1 Nc6 8. Bf4
Re8 9. Ne5 Nxe5 10. Bxe5 a6 11. Bxf6 Bxf6 12. Nxd5 Bg7 13. c4 e6 14. Ne3 Rb8
15. b4 cxb4 16. Rxb4 Qa5 17. Qb3 b5 18. cxb5 Rxb5 19. Rxb5 Qxb5 20. Qxb5 axb5
21. Bc6 Re7 22. Bxb5 Rb7 23. a4 Bd7 24. Rb1 Bxb5 25. axb5 Bd4 26. Nc4 Kf8 27.
e3 Bf6 28. Kg2 Bd8 29. Kf3 Ke7 30. Ke4 Bb6 31. d4 f5+ 32. Kd3 Bc7 33. e4 Kd7
34. e5 Ke7 35. Kc3 Kd7 36. Kb4 Ke7 37. Kc5 Kd7 38. Ra1 1-0